000 01168 a2200241 4500
003 NUST
005 20221229161325.0
010 _a 93040208
020 _a0080409911 :
020 _a008040992X (flexicover) :
040 _cNust
082 0 0 _a355.84,GRA
100 1 _aGrace, Charles C.
_9106423
245 1 0 _aNuclear weapons :
_bprinciples, effects, and survivability (Vol-10) /
_cCharles C. Grace.
250 _a1st English ed.
260 _aLondon ;
_aNew York :
_bBrassey's (UK) ;
_aNew York :
_bDistributed in North America to booksellers and wholesalers by Macmillan Pub. Co.,
_c1994.
300 _axii, 146 p. :
_bill. ;
_c26 cm.
440 0 _aLand warfare ;
_vv. 10
_9102996
505 _aIntroduction (Page-1), Nuclear Fundamentals (Page-3), Nuclear Weapon Principles (Page-14), Nuclear Weapon Outputs (Page-25), Thermal Radiation and Effects (Page-36), Blast and Effects (Page-47), Nuclear Radiation and Effects (Page-64), Electromagnetic (Page-91), Nuclear Survivability (Page-106), Vulnerability Assessment (Page-116).
650 0 _aNuclear warfare
_xEnvironmental aspects.
_9106424
650 0 _aNuclear weapons.
_913005
942 _2ddc
_cBK
_k355.84,GRA
999 _c186307
_d186307